000 01228nam a22003610a 4500
001 PT19378
003 AR-LpoUNG
005 20210131232847.0
008 191001s1998||||ag |||||||||||||||||spa d
040 _aAR-LpoUNG
_bspa
_cAR-LpoUNG
_eaacr
041 _aspa
044 _aag
082 0 _a982.063 483tos
100 1 _aRibetti, Daniel
_edir.
245 1 0 _aTosco :
_bgrito de piedra
260 _aBuenos Aires :
_bPágina 12,
_c1998.
520 _a<p>Repasa la riquísima experiencia del movimiento obrero entre 1966 y 1976. Centralmente se acerca al pensamiento de Agustín Tosco, a su historia y la situación socio-política en la cual surge y se desarrolla uno de los líderes sindicales más relevantes de la historia del movimiento obrero argentino.</p>
650 4 _aANALISIS HISTORICO
650 4 _aARGENTINA
650 4 _aBIOGRAFIAS
650 4 _aCLASE OBRERA
650 4 _aHISTORIA POLITICA
650 4 _aMOVIMIENTOS OBREROS
650 4 _aORGANIZACIONES DE TRABAJADORES
650 4 _aPARTICIPACION OBRERA EN ACCIONES
651 4 _aArgentina
653 _aCINE ARGENTINO
653 _aDOCUMENTALES
653 _aVIDEOS
700 1 _aJaime, Adrian
_edir.
905 _a19378
942 _cDVD
999 _c17869
_d17869